|
|
|
|
| LEADER |
01114naa a2200265 i 4500 |
| 001 |
acta84837 |
| 005 |
20240502111233.0 |
| 008 |
240502s2024 hu o 100 hun d |
| 024 |
7 |
|
|a 10.14232/MAK.2024.45
|2 doi
|
| 040 |
|
|
|a SZTE Egyetemi Kiadványok Repozitórium
|b hun
|
| 041 |
|
|
|a hun
|
| 100 |
2 |
|
|a Jancsek-Turóczi Beatrix
|
| 245 |
1 |
2 |
|a A nem kipufogógázból származó közlekedés eredetű aeroszol részecskék valós idejű monitorozása
|h [elektronikus dokumentum] :
|b [absztrakt] /
|c Jancsek-Turóczi Beatrix
|
| 260 |
|
|
|c 2024
|
| 300 |
|
|
|a 45
|
| 490 |
0 |
|
|a Magyar Aeroszol Konferencia
|v 16
|
| 650 |
|
4 |
|a Természettudományok
|
| 650 |
|
4 |
|a Kémiai tudományok
|
| 695 |
|
|
|a Aeroszol - előadáskivonat, Levegőszennyeződés - előadáskivonat, Levegőkémia - előadáskivonat
|
| 700 |
0 |
1 |
|a Hoffer András
|e aut
|
| 700 |
0 |
1 |
|a Őri Péter
|e aut
|
| 700 |
0 |
1 |
|a Lakatos István
|e aut
|
| 700 |
0 |
1 |
|a Gelencsér András
|e aut
|
| 711 |
|
|
|a XVI. Magyar Aeroszol Konferencia
|c Szarvas
|d 2024. április 25-27.
|
| 856 |
4 |
0 |
|u http://acta.bibl.u-szeged.hu/84837/1/2024_magyar_aeroszol_konferencia_045.pdf
|z Dokumentum-elérés
|